Women's words : (Record no. 6449)

MARC details
000 -LEADER
fixed length control field 01029cam a2200289 a 4500
001 - CONTROL NUMBER
control field 1527216
003 - CONTROL NUMBER IDENTIFIER
control field OSt
005 - DATE AND TIME OF LATEST TRANSACTION
control field 20200122121654.0
008 - FIXED-LENGTH DATA ELEMENTS--GENERAL INFORMATION
fixed length control field 900906s1990 nyu b 001 0 eng
010 ## - LIBRARY OF CONGRESS CONTROL NUMBER
LC control number 90048234
020 ## - INTERNATIONAL STANDARD BOOK NUMBER
International Standard Book Number 0415903718
020 ## - INTERNATIONAL STANDARD BOOK NUMBER
International Standard Book Number 0415903726 (pbk.)
040 ## - CATALOGING SOURCE
Original cataloging agency DLC
Transcribing agency DLC
Modifying agency DLC
082 00 - DEWEY DECIMAL CLASSIFICATION NUMBER
Classification number 205.42
Edition number 20
Item number WOM 1991
245 00 - TITLE STATEMENT
Title Women's words :
Remainder of title the feminist practice of oral history /
Statement of responsibility, etc. edited by Sherna Berger Gluck and Daphne Patai.
260 ## - PUBLICATION, DISTRIBUTION, ETC. (IMPRINT)
Place of publication, distribution, etc. New York :
Name of publisher, distributor, etc. Routledge,
Date of publication, distribution, etc. 1991.
300 ## - PHYSICAL DESCRIPTION
Extent vi, 234 p. ;
Dimensions 24 cm.
504 ## - BIBLIOGRAPHY, ETC. NOTE
Bibliography, etc Includes bibliographical references index.
650 #0 - SUBJECT ADDED ENTRY--TOPICAL TERM
Topical term or geographic name as entry element Women
General subdivision Historiography.
9 (RLIN) 13265
650 #0 - SUBJECT ADDED ENTRY--TOPICAL TERM
Topical term or geographic name as entry element Oral history.
9 (RLIN) 13266
650 #0 - SUBJECT ADDED ENTRY--TOPICAL TERM
Topical term or geographic name as entry element Women's studies
General subdivision Methodology.
9 (RLIN) 13267
700 1# - ADDED ENTRY--PERSONAL NAME
Personal name Gluck, Sherna Berger.
9 (RLIN) 13268
700 1# - ADDED ENTRY--PERSONAL NAME
Personal name Patai, Daphne,
Dates associated with a name 1943-
9 (RLIN) 13269
906 ## - LOCAL DATA ELEMENT F, LDF (RLIN)
a 7
b cbc
c orignew
d 1
e ocip
f 19
g y-gencatlg
942 ## - ADDED ENTRY ELEMENTS (KOHA)
Source of classification or shelving scheme Dewey Decimal Classification
Koha item type Open Shelf
Holdings
Withdrawn status Lost status Source of classification or shelving scheme Damaged status Not for loan Home library Current library Date acquired Source of acquisition Inventory number Total Checkouts Full call number Barcode Date last seen Price effective from Koha item type
    Dewey Decimal Classification     MUST Main Library MUST Main Library 22/01/2020 Donation 2004/22823   205.42 WOM 1991 2020-0072 22/01/2020 22/01/2020 Open Shelf
    Dewey Decimal Classification     MUST Main Library MUST Main Library 28/06/2024 Donation 2005/23449   205.42 WOM 1991 2024-21585 28/06/2024 28/06/2024 Open Shelf
    Dewey Decimal Classification     MUST Main Library MUST Main Library 03/07/2024 Donation 2006/28213   205.42 WOM 1991 2024-21709 03/07/2024 03/07/2024 Open Shelf
    Dewey Decimal Classification     MUST Main Library MUST Main Library 03/07/2024 Purchase 2005/23451   205.42 WOM 1991 2024-21710 03/07/2024 03/07/2024 Open Shelf